000 00890nam a2200313 4500
001 16650
003 ES-MaACL
005 20250805062543.0
007 t|
008 001020s1996 sp ||||0| spa j
020 _a84-493-0274-9
040 _aM-BN
_bspa
_cM-BN
080 _a165.42
080 _a316.644:316.356.4
080 _a321.01
100 1 _aRorty, Richard.
_999561
245 1 0 _aObjetividad, relativismo y verdad
_b: escritos filosóficos 1 /
_cRichard Rorty.
250 _a1ª ed.
260 _aBarcelona :
_bPaidós Ibérica,
_c1996.
300 _a301 p. ;
_c22 cm.
490 1 _aPaidós básica ;
_v63
650 1 4 _aObjetividad.
_915659
650 1 4 _aEtnocentrismo.
_912600
650 4 _aPolítica-
_xFilosofía
_916274
830 0 _aPaidós básica ;
_v63
_9178397
852 _aES-MaACL
_jL-23656
_bR.128623
999 _c16650
_d16650